000 00559nam a22001817a 4500
003 KOHA_MİRAKIL
005 20251218091530.0
008 251218b tu ||||| |||| 00| 0 tur d
020 _a9786258459050
040 _aTR-AnABB
_btur
_cTR-AnABB
041 _atur
082 _a327.5610587
_bBEL 2022
245 1 0 _aBelgelerle Türkiye-Özbekistan ilişkileri /
260 _aİstanbul :
_bTürkiye Cumhuriyeti Cumhurbaşkanlığı Devlet Arşivleri Başkanlığı
_c2022
300 _a365 sayfa ;
_c30 cm
650 0 4 _aDış ilişkiler
942 _2ddc
_cBK
999 _c9743
_d9743
900 _bGizem YORULMAZ